[Event "Satka Metallurg op"]
[Site "Satka"]
[Date "2012.07.07"]
[Round "6"]
[White "Enderov, Vladimir"]
[Black "Korol, Vladimir"]
[Result "0-1"]
[WhiteElo "1927"]
[BlackElo "2179"]
[PlyCount "84"]
[EventDate "2012.07.02"]
[EventType "swiss"]
[EventRounds "9"]
[EventCountry "RUS"]
[SourceTitle "EXT 2013"]
[Source "ChessBase"]
[SourceDate "2012.11.22"]
[SourceVersion "1"]
[SourceVersionDate "2012.11.22"]
[SourceQuality "1"]

1. f4 c5 2. b3 a6 3. Nf3 Nf6 4. e3 g6 5. Bb2 Bg7 6. Be2 0-0 7. 0-0 d6 8. Qe1 Nc6 9. d3 b5 10. Nbd2 Nb4 11. Bd1 Bb7 12. a3 Nc6 13. e4 e6 14. Rb1 d5 15. Ne5 dxe4 16. dxe4 Rc8 17. Nxc6 Bxc6 18. Bf3 Qb6 19. Qe3 Bb7 20. Bxf6 Bxf6 21. e5 Be7 22. Bxb7 Qxb7 23. Ne4 Rfd8 24. Rf3 Qd5 25. c3 c4 26. b4 Qc6 27. Qe2 Rd5 28. Rbf1 Rcd8 29. g4 Qd7 30. g5 Rd3 31. Nf2 Qa7 32. Kg2 Rd2 33. Qe4 Ra2 34. Kh1 Rdd2 35. Ng4 Qb8 36. Rh3 Qd8 37. Nh6+ Kg7 38. f5 exf5 39. Nxf5+ gxf5 40. Rxh7+ Kxh7 41. Qxf5+ Kh8 42. Qh3+ Kg8 0-1